[Event "Olsztyn op"]
[Site "Olsztyn"]
[Date "2010.05.28"]
[Round "5"]
[White "Stempka, Jerzy"]
[Black "Lipiejko, Artur"]
[Result "0-1"]
[WhiteElo "1721"]
[BlackElo "1896"]
[PlyCount "66"]
[EventDate "2010.05.22"]
[EventType "swiss"]
[EventRounds "9"]
[EventCountry "POL"]
[SourceTitle "CBM 136 Extra"]
[Source "ChessBase"]
[SourceDate "2010.07.02"]
[SourceVersion "2"]
[SourceVersionDate "2010.07.15"]
[SourceQuality "1"]

1. d4 d5 2. c4 e6 3. Nf3 Nf6 4. e3 a6 5. Bd3 dxc4 6. Bxc4 b5 7. Bd3 Bb7 8. 0-0 Be7 9. Nbd2 c5 10. Be2 Nbd7 11. b3 cxd4 12. exd4 0-0 13. Bb2 Nd5 14. Ne5 Nxe5 15. dxe5 Bc5 16. Bf3 Qb6 17. Ne4 Rfd8 18. Nxc5 Qxc5 19. Rc1 Qe7 20. Qe2 Qg5 21. Bxd5 Rxd5 22. f4 Qe7 23. Rc2 Rad8 24. Rfc1 Qb4 25. Qe3 Rd3 26. Qxd3 Rxd3 27. Rc8+ Bxc8 28. Rxc8+ Qf8 29. Rxf8+ Kxf8 30. Ba3+ Ke8 31. Bd6 Rd2 32. a4 bxa4 33. bxa4 Kd7 0-1

[Event "Olsztyn op"]
[Site "Olsztyn"]
[Date "2010.05.23"]
[Round "3"]
[White "Reza, Wojciech"]
[Black "Lipiejko, Artur"]
[Result "1/2-1/2"]
[WhiteElo "1936"]
[BlackElo "1896"]
[PlyCount "127"]
[EventDate "2010.05.22"]
[EventType "swiss"]
[EventRounds "9"]
[EventCountry "POL"]
[SourceTitle "CBM 136 Extra"]
[Source "ChessBase"]
[SourceDate "2010.07.02"]
[SourceVersion "2"]
[SourceVersionDate "2010.07.15"]
[SourceQuality "1"]

1. e4 d6 2. c4 g6 3. d4 Nf6 4. Nc3 Bg7 5. Nf3 0-0 6. Be2 Nbd7 7. 0-0 e5 8. Be3 exd4 9. Nxd4 Ne5 10. f3 h6 11. Qd2 Kh7 12. Rac1 Be6 13. b3 c6 14. Rfd1 Ne8 15. f4 Nd7 16. f5 Bxd4 17. Qxd4 gxf5 18. exf5 Bxf5 19. Qf4 Qg5 20. Qxg5 hxg5 21. Bxg5 f6 22. Bf4 Ne5 23. Rd2 Rd8 24. Rcd1 Rg8 25. Kf1 Rg7 26. Bh5 Bg6 27. Bxg6+ Kxg6 28. Ne4 Rgd7 29. Bg3 Kf5 30. Re1 d5 31. Nxf6 Nxf6 32. Rxe5+ Kg6 33. Re6 Kf5 34. Rxf6+ Kxf6 35. Bh4+ Ke5 36. Bxd8 Rxd8 37. cxd5 cxd5 38. Ke2 Ke4 39. Rd3 Rc8 40. Kd2 Rf8 41. Rf3 Rg8 42. Rg3 Rf8 43. Rg4+ Ke5 44. Ke3 Rf1 45. Rg5+ Kd6 46. h4 Re1+ 47. Kd3 Rd1+ 48. Kc2 Rh1 49. h5 Kc5 50. g4 Kd4 51. Rf5 Rh2+ 52. Kd1 Ke4 53. Rf6 d4 54. h6 Kd3 55. Rf3+ Ke4 56. Rf6 Ke3 57. g5 d3 58. Re6+ Kd4 59. g6 Kc3 60. h7 Rd2+ 61. Ke1 Rh2 62. Rd6 Kc2 63. g7 Rxh7 64. g8Q 1/2-1/2

[Event "Olsztyn op"]
[Site "Olsztyn"]
[Date "2010.05.22"]
[Round "2"]
[White "Rak, Tomasz"]
[Black "Lipiejko, Artur"]
[Result "1-0"]
[WhiteElo "2090"]
[BlackElo "1896"]
[PlyCount "143"]
[EventDate "2010.05.22"]
[EventType "swiss"]
[EventRounds "9"]
[EventCountry "POL"]
[SourceTitle "CBM 136 Extra"]
[Source "ChessBase"]
[SourceDate "2010.07.02"]
[SourceVersion "2"]
[SourceVersionDate "2010.07.15"]
[SourceQuality "1"]

1. Nf3 d5 2. d4 Nf6 3. Bf4 e6 4. Nbd2 c5 5. e3 Nc6 6. c3 Bd6 7. Bg3 0-0 8. Bd3 b6 9. Ne5 Bb7 10. f4 Ne7 11. Qf3 Nf5 12. Bf2 Nd7 13. g4 Nh4 14. Qh3 Nxe5 15. fxe5 Be7 16. 0-0-0 Ng6 17. Nf3 a5 18. Qg2 cxd4 19. cxd4 a4 20. Kb1 b5 21. h4 b4 22. h5 Nh8 23. Bh4 Ba6 24. Qe2 Bxd3+ 25. Qxd3 a3 26. b3 Bxh4 27. Rxh4 Rc8 28. Rhh1 Rc3 29. Qd2 Qc7 30. Rc1 Rc8 31. Rxc3 bxc3 32. Qc2 f6 33. g5 fxe5 34. g6 hxg6 35. hxg6 exd4 36. exd4 Nxg6 37. Qxg6 c2+ 38. Kc1 Qf4+ 39. Nd2 Qf5 40. Qg3 Qf6 41. Qh3 Qh6 42. Qxh6 gxh6 43. Rxh6 Kf7 44. Rh3 Kf6 45. b4 e5 46. dxe5+ Kxe5 47. Rxa3 d4 48. Rd3 Kd5 49. Nb3 Kc4 50. Rxd4+ Kc3 51. Rd2 Kxb4 52. Rxc2 Rh8 53. Kb2 Ra8 54. Rd2 Rh8 55. a3+ Kb5 56. Rd5+ Kb6 57. Kc3 Rh3+ 58. Kb4 Rh4+ 59. Nd4 Rh1 60. Rd6+ Kc7 61. Rc6+ Kb7 62. Rf6 Rd1 63. Nb3 Rh1 64. a4 Rh4+ 65. Kb5 Rh5+ 66. Nc5+ Ka7 67. Rf7+ Kb8 68. a5 Rh6 69. a6 Rg6 70. Nd7+ Ka8 71. Nb6+ Kb8 72. Rb7# 1-0

[Event "Olsztyn-ch"]
[Site "Olsztyn"]
[Date "2009.04.26"]
[Round "8.3"]
[White "Lipiejko, Artur"]
[Black "Stempka, Jerzy"]
[Result "1/2-1/2"]
[WhiteElo "1934"]
[BlackElo "1706"]
[PlyCount "112"]
[EventDate "2009.04.18"]
[EventType "swiss"]
[EventRounds "9"]
[EventCountry "POL"]
[SourceTitle "EXT 2023"]
[Source "ChessBase"]
[SourceDate "2022.10.05"]
[SourceVersion "1"]
[SourceVersionDate "2022.10.05"]
[SourceQuality "1"]

1. d4 Nf6 2. c4 g6 3. Nc3 Bg7 4. e4 d6 5. Bd3 0-0 6. Nge2 e5 7. d5 a5 8. Bg5 h6 9. Be3 Ng4 10. Bd2 Nd7 11. f3 Ngf6 12. Be3 g5 13. Qd2 Nh5 14. g3 Nc5 15. Bc2 Bh3 16. 0-0-0 Bg2 17. Rhg1 Bxf3 18. h4 g4 19. Bxh6 Kh7 20. Bxg7 Kxg7 21. Rdf1 Qf6 22. Nb5 Qh6 23. Nec3 Qxd2+ 24. Kxd2 Rac8 25. Ke3 Kg6 26. a3 Ng7 27. b4 axb4 28. axb4 Na6 29. Rb1 Kh5 30. Rgf1 Rcd8 31. Ne2 f5 32. Nbc3 fxe4 33. Bxe4 Nf5+ 34. Kd3 Bxe4+ 35. Nxe4 Ne7 36. Nf6+ Kg6 37. Nxg4 Rf5 38. Ne3 Rxf1 39. Rxf1 Nxb4+ 40. Kc3 c5 41. g4 Ra8 42. h5+ Kg7 43. g5 Ra3+ 44. Kd2 Rd3+ 45. Ke1 Rxe3 46. Kd2 Rd3+ 47. Ke1 Re3 48. h6+ Kg6 49. Rh1 Kh7 50. Kf2 Re4 51. Ng3 Rxc4 52. Nh5 Ng8 53. Ng3 Ne7 54. Nh5 Nbxd5 55. Kf3 b5 56. Ra1 Ra4 1/2-1/2

[Event "Olsztyn-ch"]
[Site "Olsztyn"]
[Date "2008.04.26"]
[Round "6.1"]
[White "Budrewicz, Krzysztof"]
[Black "Lipiejko, Artur"]
[Result "1-0"]
[WhiteElo "2324"]
[BlackElo "1899"]
[PlyCount "71"]
[EventDate "2008.04.19"]
[EventType "swiss"]
[EventRounds "9"]
[EventCountry "POL"]
[SourceTitle "EXT 2023"]
[Source "ChessBase"]
[SourceDate "2022.10.05"]
[SourceVersion "1"]
[SourceVersionDate "2022.10.05"]
[SourceQuality "1"]

1. d4 d5 2. Nf3 Nf6 3. c4 e6 4. Nc3 c6 5. Bg5 Nbd7 6. e3 Be7 7. Qc2 a6 8. c5 0-0 9. Bd3 Re8 10. 0-0 Nf8 11. e4 dxe4 12. Bxe4 Nd5 13. Bxe7 Qxe7 14. Rfe1 Nf6 15. Rad1 Qc7 16. Ne5 Bd7 17. Qe2 Re7 18. Bb1 Rd8 19. g3 Bc8 20. a3 Ne8 21. Ba2 Nf6 22. Nc4 Ng6 23. Bb1 Red7 24. Nd6 Rxd6 25. cxd6 Qxd6 26. Bxg6 hxg6 27. Qe5 Nd5 28. Nxd5 cxd5 29. Qxd6 Rxd6 30. Rc1 Bd7 31. Rc7 Bc6 32. Rc8+ Kh7 33. f4 Bb5 34. Rc7 Rd7 35. Rxd7 Bxd7 36. Rc1 1-0

[Event "Olsztyn-ch"]
[Site "Olsztyn"]
[Date "2008.04.20"]
[Round "4.5"]
[White "Lipiejko, Artur"]
[Black "Stempka, Jerzy"]
[Result "1-0"]
[WhiteElo "1899"]
[BlackElo "1719"]
[PlyCount "107"]
[EventDate "2008.04.19"]
[EventType "swiss"]
[EventRounds "9"]
[EventCountry "POL"]
[SourceTitle "EXT 2023"]
[Source "ChessBase"]
[SourceDate "2022.10.05"]
[SourceVersion "1"]
[SourceVersionDate "2022.10.05"]
[SourceQuality "1"]

1. d4 Nf6 2. Nf3 g6 3. c4 Bg7 4. Nc3 d5 5. cxd5 Nxd5 6. Qb3 Nxc3 7. bxc3 b6 8. e3 0-0 9. Bd3 Bb7 10. e4 c5 11. Bb2 Nc6 12. d5 Na5 13. Qc2 c4 14. Be2 b5 15. 0-0 Qb6 16. Bc1 Qd6 17. Be3 e6 18. dxe6 Qxe6 19. Nd2 Nc6 20. Rae1 Qe5 21. Rc1 Rac8 22. f4 Qe7 23. e5 Bh6 24. Bd4 Nxd4 25. cxd4 Qd7 26. Qc3 Rfd8 27. Rb1 Qxd4+ 28. Qxd4 Rxd4 29. Nxc4 bxc4 30. Rxb7 Bxf4 31. g3 Be3+ 32. Kg2 f5 33. exf6 c3 34. Bd1 c2 35. Bxc2 Rxc2+ 36. Kh3 Rd8 37. Rg7+ Kh8 38. Re7 Bc5 39. Rc7 Rf2 40. Rd1 Rf8 41. Rdd7 R8xf6 42. Rxc5 Rf7 43. Rxf7 Rxf7 44. a4 Kg7 45. a5 Kf6 46. g4 Rd7 47. Kg3 Ke6 48. Kf4 Rd5 49. Rxd5 Kxd5 50. Kg5 Kc5 51. Kh6 Kb5 52. Kxh7 Kxa5 53. Kxg6 Kb4 54. h4 1-0

[Event "Olsztyn-ch"]
[Site "Olsztyn"]
[Date "2008.04.19"]
[Round "2.10"]
[White "Lipiejko, Artur"]
[Black "Hekman, Dominik"]
[Result "1-0"]
[WhiteElo "1899"]
[BlackElo "1667"]
[PlyCount "61"]
[EventDate "2008.04.19"]
[EventType "swiss"]
[EventRounds "9"]
[EventCountry "POL"]
[SourceTitle "EXT 2023"]
[Source "ChessBase"]
[SourceDate "2022.10.05"]
[SourceVersion "1"]
[SourceVersionDate "2022.10.05"]
[SourceQuality "1"]

1. d4 d5 2. c4 e6 3. Nc3 Bb4 4. e3 Nf6 5. a3 Bxc3+ 6. bxc3 dxc4 7. Bxc4 Nbd7 8. Nf3 0-0 9. 0-0 Nb6 10. Bd3 Bd7 11. Qc2 Ba4 12. Qb1 Bc6 13. Ne5 Be8 14. Ra2 h6 15. c4 Rb8 16. Bd2 Nfd7 17. Bb4 c5 18. dxc5 Na8 19. Nxd7 Bxd7 20. c6 bxc6 21. Qc1 Re8 22. Rd1 Qc7 23. Rad2 c5 24. Bh7+ Kxh7 25. Rxd7 Qc8 26. Rxf7 cxb4 27. Qc2+ Kh8 28. Qg6 Rg8 29. Rdd7 Qxc4 30. Qxh6+ gxh6 31. Rh7# 1-0